[Event "Tourn. n8546"]
[Site "www.chess-mail.com"]
[Date "2016.01.12"]
[Round "1"]
[White "Yangqi"]
[Black "Rons"]
[WhiteElo "2610"]
[BlackElo "2610"]
[Result "1/2-1/2"]
[Round "1"]
1.e4 c5
2.Ng1f3 d6
3.Bf1b5 Bc8d7
4.Bb5xd7 Qd8xd7
5.O-O Nb8c6
6.Qd1e2 Ng8f6
7.Rf1d1 g5
8.c3 g4
9.Nf3h4 O-O-O
10.b4 Qd7e6
11.d3 c4
12.d4 Qe6xe4
13.Qe2xc4 Qe4d5
14.Qc4d3 Kb8
15.Nh4f5 Qd5e4
16.Qd3xe4 Nf6xe4
17.Rd1e1 Ne4f6
18.b5 Nc6a5
19.Nb1a3 h6
20.c4 e6
21.Nf5e3 d5
22.cxd5 Nf6xd5
23.Ne3xg4 Bf8b4
24.Re1d1 Rd8c8
25.Bc1b2 Rh8g8
26.Ng4e5 f6
27.Ne5d3 Bb4c3
28.Bb2xc3 Rc8xc3
29.Na3b1 Rc3c2
30.Nb1a3 Rc2c3
31.Na3b1 { draw }
1/2-1/2

[Event "Tourn. n8525"]
[Site "www.chess-mail.com"]
[Date "2016.01.12"]
[Round "1"]
[White "Guidom"]
[Black "Norlavuaram"]
[WhiteElo "2040"]
[BlackElo "2180"]
[Result "1-0"]
[Round "1"]
1.e4 e5
2.Ng1f3 Nb8c6
3.Bf1b5 a6
4.Bb5a4 Ng8f6
5.O-O b5
6.Ba4b3 Bf8e7
7.d3 O-O
8.Bc1g5 d6
9.Nb1d2 Nc6b8
10.c4 c6
11.Ra1c1 Bc8g4
12.cxb5 axb5
13.h3 Bg4d7
14.d4 Qd8c7
15.Qd1e2 Qc7b7
16.dxe5 dxe5
17.Nf3xe5 h6
18.Bg5h4 Nb8a6
19.Kh1 Bd7e6
20.Bb3xe6 fxe6
21.Ne5xc6 Rf8e8
22.Nc6xe7 Qb7xe7
23.e5 g5
24.exf6 Qe7xf6
25.Nd2e4 Qf6g6
26.Bh4g3 { resign }
1-0

[Event "Match"]
[Site "www.echecsemail.com"]
[Date "2016.01.12"]
[Round "1"]
[White "Forest"]
[Black "Tomcapp"]
[WhiteElo "1570"]
[BlackElo "1570"]
[Result "1-0"]
[Round "1"]
1.e4 e5
2.Bf1c4 Bf8c5
3.Ng1f3 Nb8c6
4.d3 Ng8f6
5.O-O Nc6d4
6.Nf3xd4 Bc5xd4
7.c3 Bd4c5
8.Bc1g5 a6
9.Qd1f3 d5
10.exd5 Bc5d6
11.Nb1d2 Qd8d7
12.Bg5xf6 gxf6
13.Rf1e1 Rh8g8
14.Nd2e4 Rg8g6
15.Ne4xf6 Rg6xf6
16.Qf3xf6 b5
17.Bc4b3 a5
18.c4 bxc4
19.dxc4 Bd6e7
20.Qf6h8 Be7f8
21.Re1xe5 Qd7e7
22.Re5xe7 Kxe7
23.Ra1e1 Kd6
24.Qh8xf8 Kd7
25.Bb3a4 c6
26.Qf8e7 
1-0

[Event "Match"]
[Site "www.echecsemail.com"]
[Date "2016.01.12"]
[Round "1"]
[White "Chtoubidou"]
[Black "Forest"]
[WhiteElo "1890"]
[BlackElo "1570"]
[Result "1/2-1/2"]
[Round "1"]
1.e4 b6
2.d4 Bc8b7
3.Bf1d3 g6
4.c3 Bf8g7
5.Ng1f3 d6
6.O-O Bg7f6
7.Rf1e1 e5
8.d5 Bf6g7
9.h3 Ng8e7
10.Nf3h2 O-O
11.f4 f5
12.c4 fxe4
13.Bd3xe4 Ne7f5
14.Nb1c3 Nb8d7
15.b4 exf4
16.Bc1b2 Nf5e3
17.Qd1b3 Kh8
18.Nc3d1 Bg7xb2
19.Qb3xb2 Qd8f6
20.Qb2xf6 Nd7xf6
21.Nd1xe3 fxe3
22.Re1xe3 Ra8e8
23.Ra1e1 Kg7
{ draw }
1/2-1/2

[Event "Match"]
[Site "www.echecsemail.com"]
[Date "2016.01.12"]
[Round "1"]
[White "Guidom"]
[Black "Mitja"]
[WhiteElo "2090"]
[BlackElo "1910"]
[Result "1-0"]
[Round "1"]
1.e4 d5
2.e5 e6
3.d4 c6
4.f4 f5
5.Ng1f3 Ng8e7
6.Bf1e2 Ne7g6
7.O-O Ng6h4
8.Bc1e3 Nh4xf3
9.Rf1xf3 g6
10.c3 Qd8b6
11.Qd1c2 Bf8g7
12.Nb1d2 Bc8d7
13.Nd2b3 Nb8a6
14.Be2xa6 Qb6xa6
15.Nb3c5 Qa6b6
16.b4 Qb6c7
17.a4 Bg7f8
18.c4 Bf8xc5
19.dxc5 Kf7
20.cxd5 cxd5
21.b5 a6
22.c6 bxc6
23.b6 Qc7c8
24.a5 Qc8b7
25.Qc2c5 Ra8c8
26.Be3d4 Ke8
27.Bd4c3 Rh8f8
28.Bc3b4 Rf8f7
29.Rf3h3 Rc8d8
30.Rh3xh7 { resign }
1-0

[Event "Match"]
[Site "www.echecsemail.com"]
[Date "2016.01.12"]
[Round "1"]
[White "Ledzepp"]
[Black "Elogic"]
[WhiteElo "1359"]
[BlackElo "1769"]
[Result "0-1"]
[Round "1"]
1.d4 Ng8f6
2.Nb1c3 e6
3.e4 d5
4.e5 Nf6e4
5.Bf1b5 c6
6.Bb5a4 Qd8a5
7.b3 Qa5xc3
8.Bc1d2 Ne4xd2
9.Ng1e2 Nd2f3
10.Kf1 Nf3xh2
11.Rh1xh2 Qc3a5
12.Ra1b1 b5
13.Ba4xb5 cxb5
14.a4 bxa4
15.b4 Bf8xb4
16.Rb1c1 Bc8a6
17.g3 Ba6xe2
18.Qd1xe2 Bb4c3
19.Rc1b1 a3
20.Qe2b5 Qa5xb5
21.Rb1xb5 Bc3xd4
22.Rb5a5 Bd4b2
23.f4 Nb8c6
24.Ra5a4 Ra8b8
25.Ke2 Rb8b4
26.Ra4xa3 Bb2xa3
27.Kd3 a5
28.c3 Rb4b2
29.Rh2h1 Rb2g2
30.Ke3 Rg2xg3
31.Kf2 Rg3xc3
32.Rh1a1 O-O
33.Ke2 Rf8b8
34.Kd2 Rc3b3
35.Ra1f1 Nc6d4
36.f5 Nd4xf5
37.Rf1f4 Rb3b2
38.Kd1 Rb8b3
39.Rf4a4 Rb3d3
40.Kc1 Rd3d4
41.Ra4xa5 Rd4c4
42.Kd1 Nf5e3
43.Ke1 Rc4c1

0-1

[Event "Match"]
[Site "www.echecsemail.com"]
[Date "2016.01.12"]
[Round "1"]
[White "Heiserman"]
[Black "Forest"]
[WhiteElo "2140"]
[BlackElo "1570"]
[Result "1-0"]
[Round "1"]
1.c4 f5
2.Nb1c3 e5
3.d3 Ng8f6
4.Ng1f3 Nb8c6
5.g3 Bf8b4
6.Bf1g2 d6
7.O-O Bb4xc3
8.bxc3 O-O
9.Bc1g5 Nc6e7
10.Qd1b3 Kh8
11.c5 Ne7c6
12.cxd6 cxd6
13.Ra1b1 Qd8c7
14.Bg5d2 b6
15.Nf3g5 h6
16.Ng5e6 Bc8xe6
17.Qb3xe6 Qc7c8
18.Qe6xd6 { resign }
1-0

[Event "Match"]
[Site "www.echecsemail.com"]
[Date "2016.01.12"]
[Round "1"]
[White "Ditto"]
[Black "Badshahc"]
[WhiteElo "1840"]
[BlackElo "1649"]
[Result "0-1"]
[Round "1"]
1.e4 e5
2.Ng1f3 Nb8c6
3.Bf1c4 Bf8c5
4.d3 Ng8f6
5.Bc1g5 O-O
6.O-O h6
7.Bg5d2 d6
8.Nb1c3 Bc8g4
9.Nc3d5 Nf6xd5
10.Bc4xd5 Nc6d4
11.a3 Qd8f6
12.Bd5xb7 Nd4xf3
13.Kh1 Nf3xh2
 { time }
0-1

[Event "1/128 Finale"]
[Site "www.chess-mail.com"]
[Date "2016.01.12"]
[Round "1"]
[White "Piekki"]
[Black "Avg"]
[WhiteElo "1770"]
[BlackElo "1499"]
[Result "0-1"]
[Round "1"]
1.e4 d5
2.exd5 Qd8xd5
3.Nb1c3 Qd5e5
4.Bf1e2 c6
5.Ng1f3 Qe5c7
6.d4 Ng8f6
7.Bc1g5 h6
8.Bg5h4 Bc8f5
9.O-O e6
10.Rf1e1 Nb8d7
11.d5 Nf6xd5
12.Nc3xd5 cxd5
13.Be2b5 Bf8d6
14.Nf3d4 Bf5e4
15.Qd1g4 O-O
16.Ra1d1 Bd6xh2
17.Kh1 Nd7e5
18.Nd4xe6 Ne5xg4
19.Ne6xc7 Bh2xc7
20.f3 g5
{ resign }
0-1

[Event "Fast Game"]
[Site "www.echecsemail.com"]
[Date "2016.01.12"]
[Round "1"]
[White "Chessexpert"]
[Black "Ranjachess"]
[WhiteElo "1549"]
[BlackElo "1700"]
[Result "0-1"]
[Round "1"]
1.d4 d5
2.Ng1f3 g6
3.Bc1f4 Nb8c6
4.e3 Bc8g4
5.Nb1d2 Bf8g7
6.h3 Bg4f5
7.Bf1b5 Ng8f6
8.Nf3e5 O-O
9.Bb5xc6 bxc6
10.Ne5xc6 Qd8d7
11.Nc6e5 Qd7b5
12.Nd2b3 Nf6e4
13.Qd1e2 Qb5b4
14.Kf1 g5
15.Bf4g3 Ne4xg3
16.fxg3 Bg7xe5
17.dxe5 Qb4e4
18.Ra1c1 Qe4xe5
19.g4 Bf5e4
20.Nb3d4 c5
21.Nd4f5 Be4xf5
 { time }
0-1

[Event "Tourn. n8466"]
[Site "www.chess-mail.com"]
[Date "2016.01.13"]
[Round "1"]
[White "Goosebumps"]
[Black "Comrade"]
[WhiteElo "2020"]
[BlackElo "2060"]
[Result "1-0"]
[Round "1"]
1.d4 d5
2.e3 c5
3.c3 e6
4.f4 Ng8f6
5.Bf1d3 c4
6.Bd3c2 b5
7.Ng1f3 Bf8d6
8.O-O O-O
9.Nf3e5 Nf6d7
10.Rf1f3 f5
11.Rf3h3 Nd7f6
12.Qd1e1 Nf6e4
13.Qe1e2 Nb8d7
14.Bc2xe4 Bd6xe5
15.fxe5 fxe4
16.Qe2h5 Qd8e7
17.Qh5xh7 Kf7
18.b3 a5
19.Rh3g3 Rf8g8
20.Rg3g4 Nd7f8
21.Rg4f4 Ke8
22.Qh7xg8 Bc8b7
23.bxc4 dxc4
24.Rf4g4 Qe7f7
25.Qg8xg7 b4
26.a3 b3
27.Qg7xf7 Kxf7
28.Nb1d2 Nf8g6
29.Nd2xc4 Bb7d5
30.Nc4d6 Kg7
31.c4 Bd5c6
32.a4 Ra8b8
33.Nd6b5 Kf7
34.Ra1b1 Bc6xb5
35.cxb5 { resign }
1-0

[Event "Tourn. n8535"]
[Site "www.chess-mail.com"]
[Date "2016.01.13"]
[Round "1"]
[White "Jjmcbride"]
[Black "Gunnar"]
[WhiteElo "1610"]
[BlackElo "1410"]
[Result "0-1"]
[Round "1"]
1.e4 e5
2.Bf1c4 Ng8f6
3.d3 Bf8e7
4.Ng1f3 d6
5.O-O O-O
6.Nb1c3 Nb8c6
7.a3 Bc8e6
8.Bc4xe6 fxe6
9.Nf3g5 Qd8d7
10.f4 exf4
 { time }
0-1

[Event "Tourn. n8568"]
[Site "www.chess-mail.com"]
[Date "2016.01.13"]
[Round "1"]
[White "Gatrooper"]
[Black "Duff"]
[WhiteElo "1680"]
[BlackElo "1700"]
[Result "0-1"]
[Round "1"]
1.e4 e5
2.a3 Ng8f6
3.Nb1c3 Nb8c6
4.h3 d5
5.exd5 Nf6xd5
6.Nc3xd5 Qd8xd5
7.d3 Bf8c5
8.Bc1e3 Bc5xe3
9.fxe3 O-O
10.e4 Qd5c5
11.Ng1f3 f5
12.exf5 Bc8xf5
13.Qd1d2 e4
14.dxe4 Bf5xe4
15.b4 Qc5e7
16.O-O-O Ra8d8
17.Bf1c4 Kh8
18.Qd2e1 Qe7f6
19.c3 Be4xf3
20.gxf3 Qf6xf3
21.Rd1xd8 Rf8xd8
22.Rh1f1 Qf3xh3
23.Qe1d2 h6
24.Qd2f2 Qh3xc3
25.Qf2c2 Qc3xa3
26.Kb1 Qa3xb4
27.Bc4b3 Nc6a5
28.Kb2 Qb4xb3
29.Qc2xb3 Na5xb3
30.Kxb3 a5
31.Rf1f7 Rd8c8
32.Ka4 b6
33.Kb5 Kg8
34.Rf7f6 gxf6
35.Kc4 h5
36.Kd3 Rc8e8
37.Kc4 h4
38.Kd5 h3
{ resign }
0-1

[Event "Tourn. n8571"]
[Site "www.chess-mail.com"]
[Date "2016.01.13"]
[Round "1"]
[White "Tonino1"]
[Black "Mitja"]
[WhiteElo "2030"]
[BlackElo "1910"]
[Result "1-0"]
[Round "1"]
1.d4 d5
2.Ng1f3 e6
3.e3 c6
4.Bf1d3 Ng8f6
5.b3 Nb8d7
6.Bc1b2 Nd7b6
7.Nb1d2 Bf8e7
8.O-O O-O
9.Nf3e5 h6
10.f4 Nf6h7
11.g4 Be7h4
12.Nd2f3 Nb6d7
13.Qd1e2 Nd7xe5
14.fxe5 Bh4e7
15.Qe2f2 Nh7g5
16.Nf3xg5 Be7xg5
17.Kg2 b5
18.Rf1h1 Bc8d7
19.h4 Bg5e7
20.Ra1g1 Bd7c8
21.Kf1 Bc8a6
22.c3 Qd8c8
23.b4 g6
24.Qf2f4 Kg7
25.Bb2c1 Rf8h8
26.g5 h5
27.Ke2 Rh8f8
28.Qf4g3 Ra8b8
29.Rg1f1 Qc8d7
30.Rf1f6 Be7xf6
31.gxf6 Kh7
32.Qg3g5 Rf8h8
33.Rh1g1 Kg8
34.Bd3xg6 fxg6
35.Qg5xg6 Kf8
36.f7 Ke7
37.Qg6f6 Kf8
38.Qf6xh8 { resign }
1-0

[Event "Tourn. n8522"]
[Site "www.chess-mail.com"]
[Date "2016.01.13"]
[Round "1"]
[White "Piekki"]
[Black "Easychess"]
[WhiteElo "1800"]
[BlackElo "1630"]
[Result "1-0"]
[Round "1"]
1.e4 d5
2.exd5 Qd8xd5
3.Nb1c3 Qd5a5
4.Ng1f3 c6
5.Bf1c4 Bc8f5
6.d4 e6
7.Bc1d2 Ng8f6
8.O-O Bf8e7
9.Rf1e1 O-O
10.Nf3e5 Qa5d8
11.g4 Bf5g6
12.h4 h5
13.Ne5xg6 { resign }
1-0

[Event "Tourn. n8417"]
[Site "www.chess-mail.com"]
[Date "2016.01.13"]
[Round "1"]
[White "Passaroa25"]
[Black "Vinvangogh"]
[WhiteElo "1640"]
[BlackElo "1590"]
[Result "0-1"]
[Round "1"]
1.e4 e5
2.Ng1e2 Bf8c5
3.Ne2g3 Qd8f6
4.Qd1f3 Bc5xf2
5.Qf3xf2 Qf6xf2
6.Kxf2 Ng8f6
7.Nb1c3 O-O
8.Bf1e2 Nb8c6
9.Nc3b5 d5
10.Nb5c3 Nc6d4
11.Be2d1 Nf6xe4
12.Ke3 Bc8f5
13.Nc3xd5 Ra8d8
14.Nd5e7 Kh8
15.Ne7xf5 Ne4f6
16.Kf2 g6
17.Nf5e3 h5
18.Rh1e1 g5
19.Kg1 h4
20.Ng3f5 Nd4e6
21.h3 Ne6d4
22.Nf5h6 Nf6e4
23.Re1f1 Kg7
24.Rf1xf7 Rf8xf7
25.Nh6xf7 Kxf7
26.Ne3g4 Nd4f5
27.Ng4xe5 Kf6
28.Ne5g4 Kg6
29.d3 Ne4g3
30.Bd1f3 Rd8e8
31.Bf3e4 c5
32.Kf2 b5
33.Kf3 c4
34.dxc4 Re8xe4
35.cxb5 Re4e1
36.c4 Re1f1
37.Ng4f2 Kh5
38.Bc1xg5 Rf1xa1
39.Bg5xh4 Kxh4
40.Kf4 Ra1f1
41.Kf3 Ng3h1
42.Ke2 Rf1xf2
43.Kd3 Rf2xg2
44.Kc3 Kxh3
45.c5 Nf5e7
46.Kb4 Rg2xb2
47.Kc4 Nh1g3
48.a4 Rb2a2
49.Kb4 Ng3f5
50.b6 axb6
51.cxb6 Ra2b2
52.Ka5 Ne7c6
53.Ka6 Nc6b4
54.Kb7 Nb4d5
55.a5 Nd5b4
56.Ka7 Nb4c6
57.Ka6 Nf5e7
58.b7 Kg4
{ resign }
0-1

[Event "Tourn. n8497"]
[Site "www.chess-mail.com"]
[Date "2016.01.13"]
[Round "1"]
[White "Neo"]
[Black "Expert"]
[WhiteElo "1890"]
[BlackElo "1840"]
[Result "0-1"]
[Round "1"]
1.d4 f5
2.e3 Ng8f6
3.g3 g6
4.Bf1g2 Bf8g7
5.c4 d6
6.b4 O-O
7.Ng1f3 c6
8.c5 Qd8c7
9.O-O d5
10.Nf3e5 Nb8d7
11.Ne5xd7 Bc8xd7
12.a3 e5
13.Bc1b2 exd4
14.Bb2xd4 Nf6e4
15.Bd4xg7 Kxg7
16.Qd1d4 Kg8
17.Nb1d2 Ra8e8
18.Nd2xe4 fxe4
19.a4 a6
20.a5 Qc7e5
21.Qd4d2 Bd7g4
22.h3 Bg4f3
23.Bg2xf3 exf3
24.h4 Qe5f5
25.Kh2 Re8e4
26.Ra1a3 Qf5e5
27.Qd2d1 Re4xh4
28.Kg1 Rh4h3
29.e4 Rh3xg3
30.fxg3 Qe5xg3
31.Kh1 Qg3g2

0-1

[Event "Tourn. n8497"]
[Site "www.chess-mail.com"]
[Date "2016.01.13"]
[Round "1"]
[White "Expert"]
[Black "Comrade"]
[WhiteElo "1840"]
[BlackElo "2050"]
[Result "0-1"]
[Round "1"]
1.c4 Ng8f6
2.Nb1c3 g6
3.e4 c5
4.e5 Nf6g8
5.f4 f6
6.Ng1f3 fxe5
7.Nf3xe5 Nb8c6
8.d3 d6
9.Ne5xc6 bxc6
10.Bf1e2 Ng8f6
11.O-O Bf8g7
12.Be2f3 d5
13.Qd1e2 O-O
14.Rf1e1 Rf8e8
15.Bc1d2 e6
16.g4 Bc8b7
17.h3 Qd8c7
18.Qe2f2 Nf6d7
19.Re1e2 Bg7d4
20.Bd2e3 Bd4xe3
{ resign }
0-1

[Event "Tourn. n8543"]
[Site "www.chess-mail.com"]
[Date "2016.01.13"]
[Round "1"]
[White "Tonino1"]
[Black "Cardiff"]
[WhiteElo "1990"]
[BlackElo "1940"]
[Result "1/2-1/2"]
[Round "1"]
1.d4 d5
2.Ng1f3 Nb8c6
3.e3 Bc8f5
4.Bf1d3 e6
5.Bd3xf5 exf5
6.b3 Ng8f6
7.Bc1b2 Nf6e4
8.Nb1d2 Bf8e7
9.O-O O-O
10.Qd1e2 Be7d6
11.c4 dxc4
12.Nd2xc4 Rf8e8
13.Nc4xd6 cxd6
14.Nf3d2 a6
15.f3 Ne4xd2
16.Qe2xd2 d5
17.Rf1f2 Qd8d6
18.Ra1f1 Ra8c8
19.a3 Re8e6
20.e4 fxe4
21.fxe4 f6
22.exd5 Qd6xd5
23.Qd2d3 Rc8e8
24.Qd3c4 Re6d6
25.Qc4xd5 Rd6xd5
{ draw }
1/2-1/2

[Event "Tourn. n8401"]
[Site "www.chess-mail.com"]
[Date "2016.01.13"]
[Round "1"]
[White "Aperturaf"]
[Black "Obisporey"]
[WhiteElo "2390"]
[BlackElo "2600"]
[Result "1-0"]
[Round "1"]
1.e4 c5
2.Ng1f3 d6
3.d4 cxd4
4.Qd1xd4 a6
5.c4 Nb8c6
6.Qd4e3 g6
7.h3 Ng8f6
8.Bf1e2 Bf8g7
9.O-O O-O
10.Rf1d1 Nf6d7
11.Nb1c3 Nd7c5
12.Ra1b1 a5
13.b3 f5
14.Bc1b2 fxe4
15.Nf3g5 Bg7h6
16.h4 Qd8e8
17.Rd1f1 Bc8d7
18.Rb1d1 Bh6g7
19.Ng5xe4 Nc5xe4
20.Qe3xe4 Qe8f7
21.Rd1d2 Ra8d8
22.f4 Bg7f6
23.Qe4e3 Qf7g7
24.Nc3a4 Bf6xb2
25.Na4xb2 Qg7f6
26.h5 gxh5
27.Be2xh5 Kh8
28.Bh5e2 Rf8g8
29.Be2f3 Rd8f8
30.Nb2d3 Bd7g4
31.Bf3e4 Bg4f5
32.Be4d5 Rg8g7
33.Nd3e1 Qf6h6
34.Qe3c3 Bf5e6
35.Bd5xc6 bxc6
36.Qc3xa5 Rf8xf4
37.Rf1xf4 Qh6xf4
38.Rd2f2 Qf4e4
39.Qa5d2 c5
40.a4 Be6g8
41.a5 Qe4a8
42.Ne1f3 Qa8b7
43.Qd2c3 Qb7e4
44.a6 e5
45.Qc3a5 Qe4a8
46.Nf3h4 Qa8b8
47.Qa5d2 Qb8b6
48.Nh4f5 Rg7g6
49.Nf5e7 Rg6g7
50.Ne7xg8 Rg7xg8
51.Rf2f7 Qb6xb3
52.Qd2h6 Qb3b1
53.Kh2 Qb1g6
54.Qh6xg6 { resign }
1-0

[Event "Tourn. n8437"]
[Site "www.chess-mail.com"]
[Date "2016.01.13"]
[Round "1"]
[White "Ditto"]
[Black "Osopanda"]
[WhiteElo "1830"]
[BlackElo "1860"]
[Result "0-1"]
[Round "1"]
1.e4 c5
2.Bf1c4 e6
3.Ng1f3 a6
4.Nb1c3 b5
5.Bc4e2 d6
6.d3 Nb8c6
7.O-O Bc8b7
8.b3 Ng8f6
9.Bc1b2 Bf8e7
10.e5 Nc6xe5
11.Nf3xe5 dxe5
12.Nc3b1 O-O
13.Nb1d2 e4
14.dxe4 Qd8b6
15.Be2f3 Rf8d8
16.c4 Nf6xe4
17.Bb2c1 Ne4c3
18.Qd1c2 Bb7xf3
19.Nd2xf3 b4
20.Nf3e5 Rd8d6
21.Bc1e3 Be7f6
22.Ne5g4 Bf6d4
23.Be3f4 e5
24.Bf4g3 Ra8e8
25.Rf1e1 Rd6g6
26.h3 h5
27.Ng4h2 Rg6xg3
28.Nh2f3 Rg3xf3
29.gxf3 Qb6g6
30.Qc2xg6 fxg6
31.a3 a5
32.axb4 axb4
33.Ra1a6 e4
34.f4 e3
35.fxe3 Re8xe3
36.Re1f1 Nc3e2
37.Kg2 Re3g3
38.Kh2 Rg3xb3
39.f5 { time. }
0-1

[Event "Tourn. n8500"]
[Site "www.chess-mail.com"]
[Date "2016.01.13"]
[Round "1"]
[White "Easychess"]
[Black "Llcervello"]
[WhiteElo "1600"]
[BlackElo "1680"]
[Result "1/2-1/2"]
[Round "1"]
1.e4 e5
2.Nb1c3 d6
3.Bf1c4 Bc8e6
4.Bc4xe6 fxe6
5.Ng1f3 Nb8c6
6.d4 g6
7.dxe5 dxe5
8.Qd1xd8 Ra8xd8
9.a3 a6
10.Bc1e3 b5
11.Ra1d1 Bf8d6
12.O-O Ng8f6
13.Be3g5 Rh8f8
14.h3 Rd8d7
15.Bg5h6 Rf8h8
16.Bh6g5 Nf6g8
17.Rf1e1 h6
18.Bg5e3 g5
19.Rd1d2 Ng8f6
20.Re1d1 O-O
21.Rd2d3 Rf8d8
22.g3 b4
23.axb4 Nc6xb4
24.Rd3d2 c5
25.Kg2 Nb4c6
26.g4 { draw }
1/2-1/2

[Event "Tourn. n8520"]
[Site "www.chess-mail.com"]
[Date "2016.01.13"]
[Round "1"]
[White "Jjmcbride"]
[Black "Roque1"]
[WhiteElo "1600"]
[BlackElo "1670"]
[Result "0-1"]
[Round "1"]
1.e4 c5
2.c3 Ng8f6
3.e5 Nf6d5
4.d4 cxd4
5.cxd4 Nb8c6
6.Bf1c4 Nd5b6
7.Bc4b3 d5
8.a3 Bc8f5
9.Nb1c3 e6
10.Ng1f3 Bf8e7
11.O-O Qd8c7
12.Nc3b5 Qc7d7
13.Bb3c2 Bf5xc2
14.Qd1xc2 O-O
15.h4 { time. }
0-1

[Event "Match"]
[Site "www.echecsemail.com"]
[Date "2016.01.13"]
[Round "1"]
[White "Elogic"]
[Black "Wagner"]
[WhiteElo "1669"]
[BlackElo "1740"]
[Result "1-0"]
[Round "1"]
1.e4 e5
2.Ng1f3 d6
3.Bf1c4 Bc8g4
4.d4 Bg4xf3
5.Qd1xf3 f6
6.dxe5 dxe5
7.O-O Nb8c6
8.Rf1d1 Nc6d4
9.Qf3c3 c6
10.Bc1e3 Bf8c5
11.Kh1 b5
12.Bc4xg8 Rh8xg8
13.Qc3xc5 f5
14.Qc5xe5 { resign }
1-0

[Event "Match"]
[Site "www.echecsemail.com"]
[Date "2016.01.13"]
[Round "1"]
[White "Libiesse"]
[Black "Tonino1"]
[WhiteElo "1980"]
[BlackElo "1990"]
[Result "1-0"]
[Round "1"]
1.d4 Ng8f6
2.c4 g6
3.Ng1f3 Bf8g7
4.Nb1c3 O-O
5.Bc1g5 d6
6.e3 c6
7.Bg5xf6 Bg7xf6
8.Qd1b3 Qd8c7
9.Bf1e2 Nb8d7
10.O-O e5
11.d5 Nd7c5
12.Qb3d1 Bc8f5
13.dxc6 bxc6
14.b4 Nc5e6
15.e4 Bf5g4
16.b5 Ne6f4
17.bxc6 Nf4xe2
18.Qd1xe2 Bf6g7
19.Nc3d5 Qc7d8
20.Rf1d1 f5
21.h3 Bg4h5
22.exf5 gxf5
23.c7 Qd8e8
24.Ra1b1 e4
25.Nd5f4 exf3
26.Qe2xe8 Rf8xe8
27.Nf4xh5 Bg7e5
28.c5 dxc5
29.Rd1d7 fxg2
30.f4 Be5d4
31.Kxg2 Ra8c8
32.Rb1d1 Re8e2
33.Kg3 Re2e8
34.Rd1xd4 cxd4
35.Nh5f6 Kf8
36.Nf6xh7 Kg8
37.Nh7f6 Kf8
38.Nf6xe8 Kxe8
39.Rd7h7 d3
40.Kf2 a5
41.Ke3 { resign }
1-0

[Event "Match"]
[Site "www.echecsemail.com"]
[Date "2016.01.13"]
[Round "1"]
[White "Jjmcbride"]
[Black "Bjonil60"]
[WhiteElo "1590"]
[BlackElo "1210"]
[Result "0-1"]
[Round "1"]
1.e4 Nb8c6
2.b3 e6
3.Bc1b2 Qd8e7
4.d4 a6
5.Bb2a3 Qe7d8
6.Ba3xf8 Kxf8
7.e5 f6
8.Ng1f3 d6
9.exf6 gxf6
10.d5 exd5
11.Qd1xd5 Nc6e7
12.Qd5h5 f5
13.Nf3g5 Ng8f6
14.Qh5f7 { time. }
0-1

[Event "Match"]
[Site "www.echecsemail.com"]
[Date "2016.01.13"]
[Round "1"]
[White "0o0o0"]
[Black "Olddog55"]
[WhiteElo "1370"]
[BlackElo "1600"]
[Result "1-0"]
[Round "1"]
1.e4 e5
2.Ng1f3 Bf8d6
3.Bf1c4 Qd8f6
4.Nb1c3 Ng8e7
5.O-O b6
6.d4 Nb8c6
7.Bc1g5 Qf6g6
8.dxe5 Nc6xe5
9.Nf3xe5 Bd6xe5
10.Bg5xe7 Kxe7
11.Nc3d5 Kd8
12.f4 Be5xb2
13.Ra1b1 Qg6xe4
14.Qd1h5 Qe4d4
15.Kh1 Qd4xc4
16.Qh5g5 f6
17.Qg5xg7 Rh8e8
18.Rf1e1 Qc4xc2
19.Re1xe8 { resign }
1-0

[Event "Match"]
[Site "www.echecsemail.com"]
[Date "2016.01.13"]
[Round "1"]
[White "Potemkine"]
[Black "Ledzepp"]
[WhiteElo "1499"]
[BlackElo "1439"]
[Result "1-0"]
[Round "1"]
1.d4 d5
2.e3 Ng8f6
3.Ng1f3 Nf6e4
4.c4 e6
5.c5 Bf8e7
6.Bf1e2 O-O
7.Bc1d2 Nb8d7
8.b4 e5
9.O-O exd4
10.exd4 Nd7f6
11.Nf3e5 b6
12.Ne5c6 Qd8d7
13.Nc6e5 bxc5
14.Ne5xd7 Bc8xd7
15.bxc5 Ra8b8
16.Bd2f4 Rb8b2
17.Bf4xc7 Nf6e8
18.Bc7e5 Rb2b4
19.a3 Bd7a4
20.Qd1e1 a5
21.axb4 axb4
22.Ra1xa4 b3
23.Qe1b4 Ne4g5
24.Qb4xb3 Ng5e6
25.Qb3xd5 g6
26.Ra4a7 Be7d8
27.Nb1c3 Ne8c7
28.Qd5b3 Nc7e8
29.Nc3e4 Bd8c7
30.Ne4f6 Kg7
31.Nf6g4 f6
32.Qb3xe6 fxe5
33.dxe5 h5
34.Ng4f6 { resign }
1-0

[Event "Match"]
[Site "www.echecsemail.com"]
[Date "2016.01.13"]
[Round "1"]
[White "Papablanca"]
[Black "Tomcapp"]
[WhiteElo "1499"]
[BlackElo "1580"]
[Result "0-1"]
[Round "1"]
1.e4 e5
2.Ng1f3 Nb8c6
3.Bf1b5 a6
4.Bb5a4 b5
5.Ba4b3 d6
6.O-O Nc6d4
7.Nf3xd4 exd4
8.d3 Ng8f6
 { time }
0-1

[Event "Match"]
[Site "www.echecsemail.com"]
[Date "2016.01.13"]
[Round "1"]
[White "Hundegana"]
[Black "Elogic"]
[WhiteElo "1900"]
[BlackElo "1669"]
[Result "0-1"]
[Round "1"]
1.d4 Ng8f6
2.c4 c5
3.d5 e6
4.Nb1c3 e5
5.e4 Qd8b6
6.Ng1f3 a6
7.Bf1d3 d6
8.h3 h5
9.Nf3h2 Bc8d7
10.Bd3e2 g6
11.O-O Bf8g7
12.f4 Qb6d8
13.fxe5 dxe5
14.Bc1e3 Qd8c8
15.Nh2f3 Bd7xh3
16.Nf3xe5 Nb8d7
17.Ne5xd7 Qc8xd7
18.gxh3 Qd7xh3
19.Be3xc5 Nf6g4
20.Be2xg4 Qh3g3
{ resign }
0-1

[Event "1/32 Finale"]
[Site "www.chess-mail.com"]
[Date "2016.01.13"]
[Round "1"]
[White "Hennie4820"]
[Black "Emiondi"]
[WhiteElo "2020"]
[BlackElo "2249"]
[Result "0-1"]
[Round "1"]
1.e4 e5
2.Ng1f3 Nb8c6
3.Bf1c4 Ng8f6
4.d4 exd4
5.O-O Bf8c5
6.c3 d6
7.cxd4 Bc5b6
8.Nb1c3 O-O
9.Bc1g5 h6
10.Bg5h4 Bc8g4
11.d5 Nc6e5
12.Bc4e2 Ne5d7
13.h3 Bg4h5
14.Ra1c1 Bh5xf3
15.Be2xf3 Nd7e5
16.Bf3e2 Ne5g6
17.Bh4xf6 Qd8xf6
18.Nc3a4 Rf8e8
19.Na4xb6 axb6
20.Rc1xc7 Ra8xa2
21.Rc7xb7 Qf6xb2
22.Be2f3 Ng6e5
23.Bf3h5 g6
24.Bh5g4 h5
25.Bg4xh5 gxh5
26.Qd1xh5 Ne5g6
27.Qh5f5 Ng6e5
28.Qf5g5 Ne5g6
29.Qg5f6 Qb2xf6
{ resign }
0-1

[Event "1/64 Finale"]
[Site "www.chess-mail.com"]
[Date "2016.01.13"]
[Round "1"]
[White "Ipswich"]
[Black "Attatroll"]
[WhiteElo "1550"]
[BlackElo "1910"]
[Result "0-1"]
[Round "1"]
1.c4 Ng8f6
2.Nb1c3 g6
3.d4 Bf8g7
4.e4 d6
5.f4 Bc8g4
6.Bf1e2 Bg4xe2
7.Ng1xe2 O-O
8.O-O Nb8c6
9.d5 Nc6b4
10.a3 Nb4a6
11.Bc1e3 Nf6g4
12.Be3d4 Na6c5
13.h3 Bg7xd4
14.Qd1xd4 Nc5b3
15.Qd4d3 Nb3xa1
16.hxg4 Na1b3
17.Ne2g3 Nb3c5
18.Qd3c2 e5
19.f5 Qd8h4
{ resign }
0-1

[Event "Eq:Slap Shot Mates-Los Tercios : "]
[Site "www.chess-mail.com"]
[Date "2016.01.13"]
[Round "1"]
[White "Mustaphly"]
[Black "Lui"]
[WhiteElo "2740"]
[BlackElo "2360"]
[Result "1-0"]
[Round "1"]
1.d4 Ng8f6
2.Ng1f3 g6
3.c4 Bf8g7
4.Nb1c3 O-O
5.e4 d6
6.Bf1e2 e5
7.O-O Nb8c6
8.d5 Nc6e7
9.Rf1e1 a5
10.Bc1g5 h6
11.Bg5d2 Bc8g4
12.Qd1c1 Bg4xf3
13.Be2xf3 Kh7
14.Re1e3 c6
15.Bf3e2 Qd8d7
16.Re3h3 h5
17.Bd2g5 Ne7g8
18.dxc6 bxc6
19.Qc1d2 Qd7e6
20.Rh3d3 Nf6e8
21.c5 dxc5
22.Nc3a4 Ne8f6
23.f3 Qe6e7
24.Ra1c1 Rf8d8
25.Rd3xd8 Qe7xd8
26.Qd2xd8 Ra8xd8
27.Rc1xc5 Ng8e7
28.Rc5xa5 Nf6g8
29.Ra5a7 f6
30.Bg5e3 Bg7h6
31.Be3c5 Bh6f8
32.b4 { resign }
1-0

[Event "Fast Game"]
[Site "www.echecsemail.com"]
[Date "2016.01.13"]
[Round "1"]
[White "Gatrooper"]
[Black "Easychess"]
[WhiteElo "1370"]
[BlackElo "1349"]
[Result "1-0"]
[Round "1"]
1.e4 c5
2.c4 Nb8c6
3.Ng1f3 e5
4.Nb1c3 d6
5.Nc3d5 Bf8e7
6.h3 Ng8f6
7.Nf3g5 O-O
8.d3 Nc6d4
9.Bc1e3 Nf6xd5
10.cxd5 Be7xg5
11.Be3xd4 cxd4
12.Bf1e2 Qd8a5
13.Kf1 f5
14.exf5 Bc8xf5
15.a3 Bf5g6
16.b4 Qa5d8
17.Qd1b3 Qd8d7
{ time. }
1-0

[Event "Fast Game"]
[Site "www.echecsemail.com"]
[Date "2016.01.13"]
[Round "1"]
[White "Chessexpert"]
[Black "Gatrooper"]
[WhiteElo "1549"]
[BlackElo "1370"]
[Result "0-1"]
[Round "1"]
1.b3 d5
2.f4 e6
3.Bc1b2 Ng8f6
4.Ng1f3 Nb8c6
5.e3 a6
6.Bf1e2 h6
7.O-O h5
8.Nf3e5 Nc6xe5
9.fxe5 Nf6e4
10.Be2xh5 g6
11.Bh5g4 { time. }
0-1

[Event "Tourn. n8431"]
[Site "www.chess-mail.com"]
[Date "2016.01.14"]
[Round "1"]
[White "Darko10"]
[Black "Tartan"]
[WhiteElo "2500"]
[BlackElo "2460"]
[Result "1/2-1/2"]
[Round "1"]
1.e4 c5
2.Ng1f3 Nb8c6
3.Bf1b5 g6
4.O-O Bf8g7
5.Rf1e1 Ng8f6
6.e5 Nf6d5
7.Nb1c3 Nd5c7
8.Bb5xc6 dxc6
9.Nc3e4 Nc7e6
10.d3 O-O
11.Bc1e3 b6
12.Qd1d2 f5
13.Be3h6 fxe4
14.Re1xe4 Bg7xh6
15.Qd2xh6 Qd8e8
16.a3 Qe8f7
17.Qh6h4 Bc8b7
18.Ra1e1 Ra8d8
19.Re4a4 a5
20.h3 h5
21.Re1f1 Ne6f4
22.Ra4e4 Nf4xg2
23.Qh4g3 Ng2f4
24.Re4xf4 Qf7xf4
25.Qg3xg6 Kh8
26.Qg6xh5 Kg7
27.Nf3g5 Qf4xe5
28.Qh5h7 Kf6
29.Qh7h6 Kf5
30.f4 Qe5e3
31.Kg2 Rf8h8
32.Qh6g7 Rd8f8
33.Rf1f3 Qe3d4
34.Qg7xe7 Bb7c8
35.Rf3e3 Qd4d7
36.Qe7e4 Kf6
37.Qe4e5 Kg6
38.Re3g3 Rh8g8
39.Kh2 Kh6
40.Rg3g4 Qd7f5
41.Qe5d6 Qf5f6
42.Ng5f7 Rf8xf7
43.Qd6xf6 Rf7xf6
44.Rg4xg8 Bc8e6
45.Rg8b8 b5
46.Kg3 Rf6g6
47.Kf2 Be6d5
48.a4 bxa4
49.c4 Rg6g2
{ draw }
1/2-1/2